000 00233nam a22001097a 4500
082 _a621.381522 DIO'T
100 _aTOSHIBE
_961259
245 _aTHE DIODE MANUAL
260 _aUSA
_bTOSHIBA
_c1988
300 _a420P
942 _cBK
999 _c570773
_d570773